00297pab a2200121 454500008004000000100001600040245003300056260000900089300001400098362001100112650001800123773003400141180718b2003 xxu||||| |||| 00| 0 eng d aReddy, P.H. aUnmet need for contraception c2003 ap.188-91. a18 Jan aContraception aEconomic and Political Weekly